Záchrana českých uprchlíků 1938-39 sir Nicholas Winton nebyl sám

Bibliographic Details
Main Author: Chadwick, William R., 1937-2011 (Author)
Other Authors: Herynková, Jitka, 1946- (Translator)
Format: Book
Language:Czech
English
PhysicalDescription:173 s. fotogr., portréty 21 cm
Published: Praha Mladá fronta 2017
ISBN:9788020443755
Subjects:

MARC

LEADER 00000cam a2200000 a 4500
001 vtls011622191
003 SK-MaSNL
005 20260317125229.0
008 240318s2017 xr oc g n 010 0dcze
020 |a 9788020443755  |q (viazané) 
040 |a SNK  |b slo  |c SNK  |e AACR2 
041 1 |a cze  |h eng 
043 |a e-uk---  |a n-cn---  |a e-cs--- 
044 |a xr  |c CZ 
072 7 |a 94(437)  |x Dejiny Československa  |2 konspekt 
072 7 |a 929  |x Biografie  |2 konspekt 
080 |a 177.72-056.87  |2 2011 
080 |a (=411.16)  |2 2011 
080 |a 314.151.3-054.73  |2 2011 
080 |a 341.232  |2 2011 
080 |a (41)  |2 2011 
080 |a (71)  |2 2011 
080 |a (437)  |2 2011 
080 |a (092)  |2 2011 
080 |a (0:82-96)  |2 2011 
100 1 |a Chadwick, William R.,  |d 1937-2011  |4 aut  |9 495962 
240 1 4 |a The Rescue of the Prague Refugees 1938-39  |l Česky 
245 1 0 |a Záchrana českých uprchlíků 1938-39  |b sir Nicholas Winton nebyl sám  |c William R. Chadwick ; [z anglického originálu ... přeložila Jitka Herynková] 
246 3 0 |a Sir Nicholas Winton nebyl sám 
260 |a Praha  |b Mladá fronta  |c 2017 
300 |a 173 s.  |b fotogr., portréty  |c 21 cm 
504 |a Bibliografia: s. 170-171 
600 1 7 |a Warriner, Dorren,  |d 1904-1972  |2 SNK  |9 495963 
600 1 7 |a Winton, Nicholas,  |d 1909-2015  |2 SNKMA  |9 160443 
600 1 7 |a Chadwick, Trevor  |2 SNK  |9 495964 
600 1 7 |a Barazetti, Bill  |2 SNK  |9 495965 
600 1 7 |a Wellington, Beatrice  |2 SNK  |9 495966 
648 7 |a 1938-1939  |2 SNKPH  |9 276847 
648 7 |a 20. stor.  |2 SNKPH  |9 275975 
648 7 |a 20th century  |2 SNKPHeng  |9 277995 
650 0 7 |a filantropi  |2 SNKPH  |9 89564 
650 0 7 |a Philanthropists  |2 SNKPHeng  |9 153813 
650 0 7 |a Židia  |2 SNKPH  |9 3760 
650 0 7 |a Jews  |2 SNKPHeng  |9 267345 
650 0 7 |a utečenci  |x záchrana  |2 SNKPH  |9 495967 
650 0 7 |a Refugees  |2 SNKPHeng  |9 313782 
650 0 7 |a medzinárodná pomoc  |2 SNKPH  |9 4322 
650 0 7 |a International assistance  |2 SNKPHeng  |9 149890 
651 7 |a Veľká Británia  |2 SNKPH  |9 20930 
651 7 |a Great Britain  |2 SNKPHeng  |9 288462 
651 7 |a Kanada  |2 SNKPH  |9 17505 
651 7 |a Kanada  |2 SNKPHeng  |9 17505 
651 7 |a Československo  |2 SNKPH  |9 21376 
651 7 |a Czechoslovakia  |2 SNKPHeng  |9 265183 
655 7 |a biografie  |2 SNKPH  |9 27965 
655 7 |a literatúra faktu  |2 SNKPH  |9 70526 
655 7 |a Biography  |2 SNKPHeng  |9 266314 
655 7 |a Non fiction  |2 SNKPHeng  |9 284535 
700 1 |a Herynková, Jitka,  |d 1946-  |4 trl  |9 495968 
852 |a Štátna vedecká knižnica v Banskej Bystrici 
919 |a 978-80-204-4375-5 
958 |a TL 
958 |a NB 
958 |a GB 
958 |a CA 
958 |a SK 
958 |a CZ 
958 |a ZD 
958 |a OP 
958 |a BX 
999 |c 767752  |d 769682 
952 |a SNK  |b SNK  |y VYP  |7 0  |p 17A1260221  |o snkIC 143306  |i snk2017/14448  |8 4  |g 8.19  |0 0  |1 0  |4 0  |d 2017-06-06  |l 0  |r 2026-02-24 00:24:49  |w 2026-02-24